01990 a2200217 4500001000500000005001700005008004100022003001500063040004000078080003900118245001600157020002200173264003300195300002800228505130000256041000801556100002501564700002701589700002801616856012801644440420260407155434.0260407a2006 arg spa dAR-UNSa-BCEJYS aAR-UNSa-BCEJYSbspacAR-UNSa-BCEJYS a657.6xAuditoria (control interno)10aAuditoría a978-987-03-0878-2 1aBuenos Aires :bLa Leyc2006 axxxviii, 742 p.c27 cm. a1. Conceptos básicos de auditoría - 2. Ética, independencia y responsabilidad del auditor - 3. Hacia una auditoría eficiente y eficaz - 4. Proceso de auditoría - 5. Etapa de Planificación - 6. Evidencia y Procedimiento de auditoría - 7. Riesgo de auditoría - 8. Evaluación de los controles - 9. Documentación del Proceso de auditoría - 10. Tareas de una primera auditoría - 11. Caja y bancos Ejercicios - 12. Inversiones Transitorias Ejercicios - 13. Ventas y cuentas a cobrar Ejercicios - 14. Otros créditos - 15. Compras y cuentas a pagar - 15. Compras y Cuentas a pagar Ejercicios - 16. Bienes de Cambio y costos Ejercicios - 17. Invesiones en otras sociedades Ejercicios - 18. Bienes de Uso /Activos fijos y sus depreciaciones Ejercicios - 19. Bienes Intangibles - 20. Deudas Bancarias y Financieras Ejercicios - 21. Costos y pasivos laborales Ejercicios - 22. Aspectos impositivos y deudas fiscales - 23. Contingencias Ejercicios - 24. Patrimonio neto Ejercicios - 25. Estados resultados - 26. Estado de Flujo de Ejercicio - 27. Conclusión de exámen Ejercicios - 28. Informe del Auditor Ejercicios - 29. Otros trabajo de audioría - 30. Auditoría en la pequeña y mediana empresa - 31. Lavado de activos en origen delictivo - 32. la ley sarbanes oxley  aspa1 aGordicz, Juan Carlos1 aSlosse, Carlos Alberto1 aGamondés, Santiago F.41uhttps://biblioeco.unsa.edu.ar/pmb/images/libros/Auditor?a Slosse, Carlos Alberto (2006).jpgyImagen de portadaqimage/jpeg